000 01012nam a2200301 i 4500
003 DO-SdBNP
005 20250409151037.0
007 ta
008 090907s1979 dr 000 0 spa d
040 _aDO-SdBNP
_bspa
_cBNPHU
_erda
082 4 _a398.2097293
_bL125s, 1979
_222
100 1 _aLabourt, José,
_d1951-
_eautor
_4aut.
_919935
245 1 0 _aSana, sana, culito de rana... /
_cJosé Labourt.
250 _aSegunda edición
264 4 _aSanto Domingo :
_bEditora Taller,
_c1979.
300 _a256 páginas :
_bilustraciones ;
_c21 cm.
336 _atexto
_btxt
_2rdacontent
337 _asin mediación
_bn
_2rdamedia
338 _avolumen
_bnc
_2rdacarrier
500 _aIncluye datos biográficos del autor en la contracubierta
590 _aInventariado, 2025/BT
650 0 _aFolclore
_zRepública Dominicana
_933448
650 4 _aLeyendas
_919936
650 4 _aArtículos de prensa
_943
651 4 _aRepública Dominicana
_xVida social y costumbres
_9405
910 _aBtavárez
942 _2ddc
_cLBS1
999 _c58009
_d58009